|
|
|
|
| LEADER |
00749nam a22001937a 4500 |
| 008 |
171207b xxu||||| |||| 00| 0 eng d |
| 999 |
|
|
|c 20803
|d 20803
|
| 020 |
|
|
|a 9789386560100
|
| 082 |
|
|
|a 894.13
|b SAN/AJA
|
| 100 |
|
|
|a അജയകുമാര്, കെ. സി.
|
| 240 |
|
|
|a Aadisankaram
|
| 245 |
|
|
|a ആദിശങ്കരം /
|c കെ. സി. അജയകുമാര്
|
| 250 |
|
|
|a 1st ed.
|
| 260 |
|
|
|a കോട്ടയം :
|b ഡി.സി. ബുക്സ്,
|c 2017.
|
| 300 |
|
|
|a 344p.
|
| 650 |
|
|
|a Novel
|
| 700 |
|
|
|a Ajaykumar, K. C.
|
| 942 |
|
|
|2 ddc
|c BK
|
| 952 |
|
|
|0 0
|1 0
|2 ddc
|4 0
|6 894_130000000000000_SAN_AJA
|7 0
|9 28848
|a MAIN
|b MAIN
|d 2017-12-07
|e Current Books
|g 325.00
|l 2
|o 894.13 SAN/AJA
|p 28620
|r 2018-09-13
|s 2018-09-04
|t 1
|w 2017-12-07
|y BK
|